Statistics for Largest U.S. Cities by Continental Time Zones

Click here to take the quiz!

General Stats

  • This quiz has been taken 212 times
  • The average score is 29 of 40

Answer Stats

Hint City % Correct
18,336,697New York City
97%
3634,265Denver
93%
12,714,856Chicago
93%
8636,479Boston
92%
41,241,162Dallas
91%
22,160,821Houston
91%
11,488,750Phoenix
91%
21,547,607Philadelphia
90%
13,857,799Los Angeles
89%
9632,323Washington, D.C.
88%
5634,535Seattle
86%
4825,863San Francisco
85%
10621,342Baltimore
84%
21,338,348San Diego
83%
6603,106Portland
82%
7701,475Detroit
81%
31,382,951San Antonio
81%
7596,424Las Vegas
79%
5842,592Austin
77%
3982,765San Jose
76%
8624,496Nashville
75%
3836,507Jacksonville
75%
4834,852Indianapolis
74%
6775,202Charlotte
72%
5809,798Columbus
71%
7655,155Memphis
70%
2672,538El Paso
69%
9599,199Oklahoma City
69%
7431,834Colorado Springs
67%
4555,417Albuquerque
66%
9475,516Sacramento
65%
5524,295Tucson
64%
10598,916Milwaukee
60%
6777,992Fort Worth
56%
8505,882Fresno
50%
6452,084Mesa
44%
10467,892Long Beach
38%
8339,030Aurora, CO
31%
10232,143Glendale, AZ
25%
9245,628Chandler, AZ
18%

Score Distribution

Percentile by Number Answered

Percent of People with Each Score

Your Score History

You have not taken this quiz